000 00445nam a2200157 i 4500
001 23840
003 ES-MaACL
005 20230906152938.0
007 t|
008 021212s1919 fr ||||1| fre d
100 1 _aAndler, Charles.
_921494
245 1 3 _aLa descomposition politique du socialisme allemand, 1914-1919 /
_cCharles Andler.
260 _aParis :
_bBossard,
_c1919.
300 _aVIII, 282 p. ;
_c25 cm.
852 _aES-MaACL
_jF-2653
999 _c23840
_d23840